[Event "CRO-chT3 East-A"]
[Site "Croatia"]
[Date "2005.03.13"]
[Round "1.2"]
[White "Juric, Mario"]
[Black "Radjenovic, Stevo"]
[Result "1/2-1/2"]
[WhiteElo "1951"]
[BlackElo "2025"]
[PlyCount "109"]
[EventDate "2005.03.13"]
[EventType "team-tourn"]
[EventRounds "11"]
[EventCountry "CRO"]
[SourceTitle "EXT 2007"]
[Source "ChessBase"]
[SourceDate "2006.11.23"]
[SourceVersion "1"]
[SourceVersionDate "2006.11.23"]
[SourceQuality "1"]
[WhiteTeam "Velimirovac"]
[BlackTeam "Pakrac"]
[WhiteTeamCountry "CRO"]
[BlackTeamCountry "CRO"]

1. e4 e6 2. d4 d5 3. e5 c5 4. c3 Nc6 5. Nf3 h6 6. Bd3 Qb6 7. 0-0 Bd7 8. Bc2 Rc8 9. a3 cxd4 10. cxd4 Nge7 11. Nc3 Na5 12. b4 Qc7 13. Bd2 Nc4 14. Be1 g6 15. Bd3 Nb2 16. Qc2 Nxd3 17. Qxd3 Qc4 18. Qd1 Bg7 19. Rc1 0-0 20. Bd2 Qd3 21. Re1 Nf5 22. Qe2 Qxe2 23. Nxe2 Bb5 24. Ng3 Nxg3 25. hxg3 Rc4 26. Rxc4 Bxc4 27. Rc1 b5 28. Ne1 Rb8 29. f4 h5 30. Kf2 Bf8 31. Ke3 a5 32. Ra1 a4 33. Kf3 Be7 34. g4 hxg4+ 35. Kxg4 Be2+ 36. Kg3 Kg7 37. Kf2 Bc4 38. Nf3 Rh8 39. g4 Rc8 40. Rc1 Rh8 41. g5 Bd8 42. Be3 Bb6 43. Rd1 Kf8 44. Rc1 Ke8 45. Kg3 Kd7 46. Nd2 Bd3 47. Bf2 Bf5 48. Kg2 Rh3 49. Nf3 Rh8 50. Nd2 Bg4 51. Rc3 Bf5 52. Rc1 Bh3+ 53. Kg3 Bf5 54. Kg2 Rh3 55. Nf3 1/2-1/2